000 00415nam a2200157Ia 4500
008 230917s9999||||xx |||||||||||||| ||und||
020 _cPOU11.85
040 _e9313
_aMAIN
041 _aEnglish
082 _a320.9 G716C
100 _aGottmann, Jean, ed.
245 0 _aCentre and Periphery: Spatial variation in politics
260 _aBeverly Hills
_bSage Publications
_c1980
300 _a226 p.
942 _cBK
999 _c225387
_d225387